[Event "Basel Easter op"]
[Site "Basel"]
[Date "2024.03.30"]
[Round "5"]
[White "Cojocari, Dmitri"]
[Black "Loeffler, Markus"]
[Result "1-0"]
[WhiteElo "2076"]
[BlackElo "2267"]
[PlyCount "45"]
[EventDate "2024.03.28"]
[EventType "swiss"]
[EventRounds "9"]
[EventCountry "SUI"]
[SourceTitle "CB14_2024"]
[SourceDate "2024.04.01"]
[SourceVersion "1"]
[SourceVersionDate "2024.04.01"]
[SourceQuality "1"]

1. d4 Nf6 2. c4 g6 3. Nc3 d5 4. Bf4 Bg7 5. Nf3 0-0 6. Rc1 Be6 7. e3 c5 8. cxd5 Nxd5 9. Nxd5 Bxd5 10. Rxc5 Bxf3 11. gxf3 Nd7 12. Bc7 Qe8 13. Rc2 e5 14. d5 e4 15. Bg2 exf3 16. Bxf3 Ne5 17. 0-0 Nxf3+ 18. Qxf3 Rc8 19. d6 Be5 20. d7 Qxd7 21. Bxe5 Rxc2 22. Qf6 Qg4+ 23. Kh1 1-0

[Event "Basel Easter op"]
[Site "Basel"]
[Date "2024.03.29"]
[Round "3"]
[White "Cojocari, Dmitri"]
[Black "Aguera Naredo, Javier"]
[Result "1/2-1/2"]
[WhiteElo "2076"]
[BlackElo "2335"]
[PlyCount "45"]
[EventDate "2024.03.28"]
[EventType "swiss"]
[EventRounds "9"]
[EventCountry "SUI"]
[SourceTitle "CB14_2024"]
[SourceDate "2024.04.01"]
[SourceVersion "1"]
[SourceVersionDate "2024.04.01"]
[SourceQuality "1"]

1. d4 Nf6 2. c4 g6 3. Nc3 Bg7 4. e4 d6 5. Be2 0-0 6. Bg5 Na6 7. Qd2 e5 8. d5 Bd7 9. h4 c6 10. f3 cxd5 11. cxd5 Qa5 12. Nd1 Nb4 13. Ne3 Bb5 14. a3 Bxe2 15. Qxb4 Qxb4+ 16. axb4 Bb5 17. Ne2 Nxe4 18. fxe4 Bxe2 19. Kxe2 f6 20. Bxf6 Rxf6 21. g3 Raf8 22. Rhf1 Rxf1 23. Rxf1 1/2-1/2

[Event "Sebes GP op"]
[Site "Sebes"]
[Date "2023.11.05"]
[Round "10"]
[White "Cojocari, Dmitri"]
[Black "Petkov, Momchil"]
[Result "0-1"]
[WhiteElo "2051"]
[BlackElo "2499"]
[PlyCount "102"]
[EventDate "2023.11.04"]
[EventType "swiss"]
[EventRounds "10"]
[EventCountry "ROU"]
[SourceTitle "CB46_2023"]
[SourceDate "2023.11.15"]
[SourceVersion "1"]
[SourceVersionDate "2023.11.15"]
[SourceQuality "1"]

1. d4 d5 2. c4 e6 3. Nc3 Nf6 4. cxd5 exd5 5. Bg5 c6 6. e3 h6 7. Bh4 Be7 8. Bd3 0-0 9. Nge2 Re8 10. 0-0 a5 11. h3 Na6 12. Kh1 Nc7 13. Qc2 b5 14. a4 b4 15. Nb1 Ba6 16. Nd2 Bxd3 17. Qxd3 Ne6 18. Bxf6 Bxf6 19. Nb3 c5 20. Nxc5 Nxc5 21. dxc5 Bxb2 22. Rad1 Rc8 23. Qb3 Qf6 24. Rxd5 Be5 25. Nc1 Bb8 26. Nd3 Rxe3 27. Qc4 Re7 28. f4 Qc6 29. f5 Rce8 30. f6 Re4 31. Rd4 Qc7 32. Nf4 Rxd4 33. Qxd4 g5 34. Qd1 Qe5 35. Qd7 gxf4 36. c6 Re6 37. Qd8+ Kh7 38. Qd3+ Qe4 39. Qd7 Rxf6 40. c7 Bxc7 41. Qxc7 Rg6 42. Rf3 Rg7 43. Qxf4 Qxf4 44. Rxf4 Kg8 45. h4 Rg6 46. Rf5 Rb6 47. Rf2 b3 48. Rb2 Kf8 49. Kg1 Ke7 50. Kf2 Kd6 51. Ke3 Ke5 0-1

[Event "MDA-ch"]
[Site "Kishinev"]
[Date "2022.02.25"]
[Round "7"]
[White "Ceres, Dragos"]
[Black "Cojocari, Dmitri"]
[Result "1-0"]
[WhiteElo "2385"]
[BlackElo "2110"]
[PlyCount "119"]
[EventDate "2022.02.19"]
[EventType "swiss"]
[EventRounds "9"]
[EventCountry "MDA"]
[SourceTitle "CBM 207 Extra"]
[Source "ChessBase"]
[SourceDate "2022.05.31"]
[SourceVersion "1"]
[SourceVersionDate "2022.05.31"]
[SourceQuality "1"]

1. e4 c6 2. d4 d5 3. f3 dxe4 4. fxe4 e5 5. Nf3 Be6 6. c3 Nd7 7. Bd3 Bd6 8. 0-0 Ngf6 9. Kh1 h6 10. Be3 0-0 11. Nbd2 Re8 12. Qe1 Bc7 13. Bc2 exd4 14. cxd4 c5 15. dxc5 Qe7 16. b4 Ne5 17. Nd4 Nc4 18. Bg1 Nxd2 19. Qxd2 Rad8 20. Qe2 Bg4 21. Qc4 Be5 22. Rae1 Be6 23. Nxe6 Qxe6 24. Qxe6 Rxe6 25. Rd1 Rxd1 26. Rxd1 Bc3 27. Rd8+ Re8 28. Rxe8+ Nxe8 29. b5 Nc7 30. a4 Ba5 31. Bb3 b6 32. c6 Bb4 33. Bc4 Kf8 34. Bf2 Ne8 35. Kg1 Ke7 36. Kf1 Nd6 37. Bd5 f6 38. Ke2 Bc3 39. h4 Be5 40. Kf3 h5 41. Be3 Bc3 42. Bg8 Ne8 43. Bh7 Kf7 44. Bf5 g6 45. Bd7 Nc7 46. Bf2 Be5 47. Ke2 Ke7 48. Kd3 Bf4 49. Kc4 Bd2 50. Bg3 Kd8 51. Kd3 Bb4 52. e5 f5 53. Bf4 Be7 54. g3 Nd5 55. Bh6 f4 56. Kd4 fxg3 57. Kxd5 g2 58. Be3 Bc5 59. Bxc5 bxc5 60. Kd6 1-0

[Event "World ol U16"]
[Site "Poprad"]
[Date "2016.07.29"]
[Round "9.3"]
[White "Cojocari, Dmitri"]
[Black "Birkisson, Bjorn Holm"]
[Result "1/2-1/2"]
[WhiteElo "2051"]
[BlackElo "1977"]
[PlyCount "84"]
[EventDate "2016.07.22"]
[EventType "team-swiss"]
[EventRounds "9"]
[EventCountry "SVK"]
[SourceTitle "EXT 2017"]
[Source "ChessBase"]
[SourceDate "2016.10.25"]
[SourceVersion "1"]
[SourceVersionDate "2016.10.25"]
[SourceQuality "1"]
[WhiteTeam "Moldova"]
[BlackTeam "Iceland"]
[WhiteTeamCountry "MDA"]
[BlackTeamCountry "ISL"]

1. e4 c5 2. c3 Nf6 3. e5 Nd5 4. Bc4 e6 5. Nf3 Nc6 6. 0-0 d6 7. exd6 Bxd6 8. Bxd5 exd5 9. Re1+ Be6 10. d4 0-0 11. dxc5 Bxc5 12. Be3 Bxe3 13. Rxe3 Qb6 14. Qd2 Rad8 15. Nd4 Nxd4 16. cxd4 Rfe8 17. Nc3 f6 18. Rae1 Qc6 19. Qe2 Bf7 20. Qb5 Rxe3 21. Rxe3 Qxb5 22. Nxb5 a6 23. Nc3 Kf8 24. f4 Re8 25. Kf2 Rxe3 26. Kxe3 Ke7 27. f5 Kd6 28. Kf4 Be8 29. g4 h6 30. h4 Bd7 31. Ne2 Bb5 32. Ng3 Be8 33. g5 hxg5+ 34. hxg5 Ke7 35. Nf1 Kd6 36. Ne3 Bh5 37. g6 Be2 38. Ng2 Bd3 39. Ne3 b6 40. Ng4 Ke7 41. Nf2 Bc2 42. Ng4 Bd3 1/2-1/2

[Event "Iasi op"]
[Site "Iasi"]
[Date "2014.05.13"]
[Round "4"]
[White "Turcu, Vasile Emanoil"]
[Black "Cojocari, Dmitri"]
[Result "0-1"]
[WhiteElo "1632"]
[BlackElo "1889"]
[PlyCount "74"]
[EventDate "2014.05.10"]
[EventType "swiss"]
[EventRounds "9"]
[EventCountry "ROU"]
[SourceTitle "CBM 160 Extra"]
[Source "ChessBase"]
[SourceDate "2014.07.01"]
[SourceVersion "1"]
[SourceVersionDate "2014.07.01"]
[SourceQuality "1"]

1. d4 d5 2. c4 e6 3. Nc3 f5 4. cxd5 exd5 5. Bf4 c6 6. e3 Nf6 7. Nf3 Be7 8. Qc2 0-0 9. Bd3 Ne4 10. a3 Nd7 11. h3 Ndf6 12. 0-0-0 Qa5 13. Bxe4 Nxe4 14. Nxe4 dxe4 15. Qb3+ Qd5 16. Qxd5+ cxd5 17. Nd2 Be6 18. Nb1 Rac8+ 19. Kd2 g5 20. Be5 f4 21. Rhf1 h5 22. f3 exf3 23. Rxf3 fxe3+ 24. Kxe3 Rxf3+ 25. Kxf3 Rc2 26. b4 Bf5 27. Rg1 Ra2 28. g4 hxg4+ 29. hxg4 Be4+ 30. Ke3 Bxb1 31. Rxb1 Rxa3+ 32. Kf2 b5 33. Bc7 Rc3 34. Bb8 a6 35. Ba7 Rc4 36. Ra1 Rxb4 37. Rxa6 Ra4 0-1

[Event "Iasi op"]
[Site "Iasi"]
[Date "2014.05.11"]
[Round "2"]
[White "Egli, Ioan"]
[Black "Cojocari, Dmitri"]
[Result "0-1"]
[WhiteElo "1596"]
[BlackElo "1889"]
[PlyCount "74"]
[EventDate "2014.05.10"]
[EventType "swiss"]
[EventRounds "9"]
[EventCountry "ROU"]
[SourceTitle "CBM 160 Extra"]
[Source "ChessBase"]
[SourceDate "2014.07.01"]
[SourceVersion "1"]
[SourceVersionDate "2014.07.01"]
[SourceQuality "1"]

1. e4 d5 2. exd5 Qxd5 3. d4 Qd6 4. c4 Nf6 5. f3 e6 6. Nc3 c6 7. Nge2 Be7 8. Bf4 Qd8 9. a3 0-0 10. g4 Bd6 11. Bg2 Re8 12. 0-0 e5 13. dxe5 Qb6+ 14. Kh1 Bxe5 15. Bxe5 Rxe5 16. b4 Qc7 17. h3 Re8 18. Qc2 Be6 19. Na4 Nbd7 20. Nd4 Ne5 21. Nxe6 Rxe6 22. f4 Nexg4 23. hxg4 Nxg4 24. Nc5 Rh6+ 25. Kg1 Qe7 26. Rf3 Qh4 27. Rh3 Qf6 28. Rf1 Rxh3 29. Bxh3 Ne3 30. Qe4 Nxf1 31. Bxf1 b6 32. Nd7 Qg6+ 33. Bg2 Rc8 34. f5 Qd6 35. Ne5 Re8 36. Qxc6 Qxe5 37. Qd5 Qg3 0-1

[Event "Iasi op"]
[Site "Iasi"]
[Date "2014.05.10"]
[Round "1"]
[White "Cojocari, Dmitri"]
[Black "Berescu, Alin Mile"]
[Result "0-1"]
[WhiteElo "1889"]
[BlackElo "2456"]
[PlyCount "28"]
[EventDate "2014.05.10"]
[EventType "swiss"]
[EventRounds "9"]
[EventCountry "ROU"]
[SourceTitle "CBM 160 Extra"]
[Source "ChessBase"]
[SourceDate "2014.07.01"]
[SourceVersion "1"]
[SourceVersionDate "2014.07.01"]
[SourceQuality "1"]

1. e4 c6 2. d4 d5 3. exd5 cxd5 4. c4 Nf6 5. Nc3 Nc6 6. Be3 g6 7. Bd3 Bg7 8. Nge2 0-0 9. 0-0 dxc4 10. Bxc4 Ng4 11. Qd2 e5 12. Rad1 exd4 13. Bxd4 Nxd4 14. Nxd4 Qc7 0-1